A companion to the reformation in Central Europe / (Registro nro. 27072)

Detalles MARC
000 -LEADER
campo de control de longitud fija 02450cam a22005054i 4500
003 - IDENTIFICADOR DE NÚMERO DE CONTROL
campo de control PE-LiUPU
005 - FECHA Y HORA DE LA ÚLTIMA TRANSACCIÓN
campo de control 20250731173053.0
008 - DATOS DE LONGITUD FIJA--INFORMACIÓN GENERAL
campo de control de longitud fija 150706s2014 en a rb 000 0 eng d
020 ## - NÚMERO INTERNACIONAL ESTÁNDAR DEL LIBRO
Número Internacional Estándar del Libro 9789004255272
035 ## - NÚMERO DE CONTROL DEL SISTEMA
Número de control de sistema (Sirsi) a241445
040 ## - FUENTE DE CATALOGACIÓN
Centro catalogador/agencia de origen PE-LiUPU
Lengua de catalogación spa
Centro/agencia transcriptor PE-LiUPU
Normas de descripción rda
049 ## - FONDOS LOCALES (OCLC)
Biblioteca depositaria PRUA
082 04 - NÚMERO DE LA CLASIFICACIÓN DECIMAL DEWEY
Número de clasificación 274.3
Cutter T4
Número de edición 22
245 02 - MENCIÓN DEL TÍTULO
Título A companion to the reformation in Central Europe /
Mención de responsabilidad, etc. edited by Howard Louthan, Graeme Murdock.
264 #1 - PRODUCCIÓN, PUBLICACIÓN, DISTRIBUCIÓN, FABRICACIÓN Y COPYRIGHT
Producción, publicación, distribución, fabricación y copyright Leiden :
Nombre del de productor, editor, distribuidor, fabricante Brill,
Fecha de producción, publicación, distribución, fabricación o copyright 2014.
300 ## - DESCRIPCIÓN FÍSICA
Extensión 484 páginas :
Otras características físicas ilustraciones ;
Dimensiones 24 centímetros.
336 ## - TIPO DE CONTENIDO
Término de tipo de contenido text
Fuente rdacontent
337 ## - TIPO DE MEDIO
Nombre/término del tipo de medio unmediated
Fuente rdamedia
338 ## - TIPO DE SOPORTE
Nombre/término del tipo de soporte volume
Fuente rdacarrier
490 0# - MENCIÓN DE SERIE
Mención de serie Brill´s Commpanions to the Crhristian Tradition ;
-- v61
504 ## - NOTA DE BIBLIOGRAFÍA, ETC.
Nota de bibliografía, etc. Bibliografia :después de cada cápitulo.
504 ## - NOTA DE BIBLIOGRAFÍA, ETC.
Nota de bibliografía, etc. Índice :páginas 475-484.
505 0# - NOTA DE CONTENIDO CON FORMATO
Nota de contenido con formato The lands of the Bohemian Crown: conflict, coexistence, and the quest for the true church -- The polish-lithuanian commonwealth -- The Austrian Lands -- The kingdom of Hungary and principality of Transylvania -- Reform before reform? Religious currents in Central Europe -- Protestant reformers: Johannes Honterus, Primus truber, and Johannes a Lasco -- Antitrinitarianism -- Catholic reformers: Stanislas Hosius, Melchior Khalesl, and Péter Pázmány -- Orthodox reform in the Polish-Lithuanian commonwealth -- Communities and communication -- Social and moral discipline -- The town and the reformation as an event -- Nobles: between religious compromise and revolt -- The monarch and court in the Habsburg Land -- Education: the polish - lithuanian commonwealth -- Bibles and books: Bohemia and Hungary -- Visual cultures -- Tolerance and intolerance -- Index.
526 ## - NOTA DE INFORMACIÓN SOBRE EL PROGRAMA DE ESTUDIO
Nombre del programa Segunda Especialidad En Profecías Bíblicas
526 ## - NOTA DE INFORMACIÓN SOBRE EL PROGRAMA DE ESTUDIO
Nombre del programa Segunda Especialidad En Nuevo Testamento
526 ## - NOTA DE INFORMACIÓN SOBRE EL PROGRAMA DE ESTUDIO
Nombre del programa Segunda Especialidad En Antiguo Testamento
526 ## - NOTA DE INFORMACIÓN SOBRE EL PROGRAMA DE ESTUDIO
Nombre del programa Segunda Especialidad En Estudios Adventistas
526 ## - NOTA DE INFORMACIÓN SOBRE EL PROGRAMA DE ESTUDIO
Nombre del programa Doctorado en teología
526 ## - NOTA DE INFORMACIÓN SOBRE EL PROGRAMA DE ESTUDIO
Nombre del programa Maestría en teología histórica
526 ## - NOTA DE INFORMACIÓN SOBRE EL PROGRAMA DE ESTUDIO
Nombre del programa Maestría en teología bíblica
526 ## - NOTA DE INFORMACIÓN SOBRE EL PROGRAMA DE ESTUDIO
Nombre del programa Maestría en teología
526 ## - NOTA DE INFORMACIÓN SOBRE EL PROGRAMA DE ESTUDIO
Nombre del programa Maestría en misionología
526 ## - NOTA DE INFORMACIÓN SOBRE EL PROGRAMA DE ESTUDIO
Nombre del programa Maestría en liderazgo eclesiástico
526 ## - NOTA DE INFORMACIÓN SOBRE EL PROGRAMA DE ESTUDIO
Nombre del programa Teología
596 ## -
-- 1
650 04 - PUNTO DE ACCESO ADICIONAL DE MATERIA--TÉRMINO DE MATERIA
Término de materia o nombre geográfico como elemento de entrada Reformas.
650 04 - PUNTO DE ACCESO ADICIONAL DE MATERIA--TÉRMINO DE MATERIA
Término de materia o nombre geográfico como elemento de entrada Reforms.
700 1# - ENTRADA AGREGADA--NOMBRE PERSONAL
Nombre de persona Louthan, Howard,
Fechas asociadas al nombre 1963- ,
Término indicativo de función/relación editor.
700 1# - ENTRADA AGREGADA--NOMBRE PERSONAL
Nombre de persona Murdock, Graeme,
Fechas asociadas al nombre 1970- ,
Término indicativo de función/relación editor.
910 ## - DATOS DE OPCIÓN DEL USUARIO (OCLC)
Datos de opción del usuario dbm
-- wmm
-- wmm
-- 20180307
942 ## - ELEMENTOS DE ENTRADA SECUNDARIOS (KOHA)
Fuente del sistema de clasificación o colocación Clasificación Decimal Dewey
Tipo de ítem Koha
994 ## -
-- C0
-- PEPRU
999 ## - NÚMEROS DE CONTROL DE SISTEMA (KOHA)
-- DEWEY
-- 78357
-- 2021-11-11
-- 3
-- CCODEBUL1
-- BUL
-- 35.00
-- 1
-- Y
-- BOOK
-- 2018-3-7
-- TEOLOGIA
-- P35
-- DONACION
-- .STAFF. Colección Teología
980 ## - EQUIVALENCIA O REFERENCIA-CRUZADA-MENCIÓN DE SERIE--NOMBRE DE PERSONA/TÍTULO [LOCAL, CANADÁ]
ID del último usuario que modificó el registro 1
Nombre del último usuario que modificó el registro ALBERTO SANCHEZ Responsable de Automatización
Existencias
Visto por última vez Número de inventario Total de préstamos Signatura topográfica completa Código de barras Copia número Coste, precio de reemplazo Fecha de reemplazo Facultad Tipo de ítem Koha Nota pública Estado de pérdida Fuente del sistema de clasificación o colocación Restricciones de uso No para préstamo Colección Programa académico Biblioteca de origen Biblioteca actual Ubicación en estantería Fecha de adquisición Fuente de adquisición Coste, precio normal de compra
2025-12-02 4   274.3 T4 78357 e1 40.00 2018-03-07   Libros físicos inventario-2023-12-13 No Perdido Clasificación Decimal Dewey No restringido Disponible para préstamos Colección General Teología Biblioteca CRAI UPeU Lima Biblioteca CRAI UPeU Lima Sala principal 2018-03-07 DONACION 35.00